000 00538cam a22001934a 4500
005 20250605163516.0
008 250528s ||||||||||||||||||||||||d
035 _a20764
020 _a9607019792
040 _aGR-AtMCL
_bgre
_dGR-AtMCL
_eAACR2
245 1 _aΟΡΓΑΝΩΤΙΚΗ-ΒΙΟΜΗΧΑΝΙΚΗ ΨΥΧΟΛΟΓΙΑ ΜΕΡΟΣ 2
250 _a8
260 _bΕλληνικά Γράμματα,
_c1998
300 _a149
700 1 _aΚαντας Αριστοτελης
942 _cBK
999 _c5847
_d5847